000
00347nam a2200145Ia 4500
008
240624s9999 xx 000 0 und d
041
_a
eng
082
_a
519.5 AGR
100
_a
AGRESTI ALAN
245
_a
STATISTICAL METHODS FOR THE SOCIAL SCIEN
250
_a
(4th ed.)
260
_c
2008
_a
Hall,2008
300
_a
624 : p.
365
_c
BPS
_b
30
999
_c
28055
_d
28055